ბათუმის შოთა რუსთაველის სახელმწიფო უნივერსიტეტის ბიბლიოთეკა

ლეზგიური ფოლკლორი = Лезгинский фольклор / (ბიბ.ჩანაწერი № 41443)

000 -ლიდერი
ფიქსირებული სიგრძის საკონტროლო ველი 01410nam a2200265Ia 4500
001 - საკონტროლო ნომერი
საკონტროლო ველი 8107
003 - საკონტროლო ნომრის იდენტიფიკატორი
საკონტროლო ველი GE_BSU
005 - ბოლო ოპერაციის თარიღი და დრო
საკონტროლო ველი 20240311174347.0
008 - ფიქსირებული სიგრძის მონაცემთა ელემენტები - ზოგადი ინფორმაცია
ფიქსირებული სიგრძის საკონტროლო ველი 181216s2006||||ge |||||||||||||| ||geo||
020 ## - წიგნის საერთაშორისო სტანდარტული ნომერი
International Standard Book Number 9992871962
040 ## - კატალოგიზაციის წყარო
Transcribing agency GE_BSU
041 ## - ენის კოდი
Language code of text/sound track or separate title geo
080 ## - უნივერსალური ათობითი კლასიფიკაციის ინდექსი
Universal Decimal Classification number 821.351.32.91 ლ-38
245 ## - ცნობა სათაურის შესახებ
Title ლეზგიური ფოლკლორი = Лезгинский фольклор /
Statement of responsibility, etc [შემდგ. ლია ჩლაიძე ; მთ. რედ. ნაირა გელაშვილი ; ფილოლ. თარგმ. ლეზგიურიდან ქართულად მიხო ბეროშვილის, რუს. მაია გაიდაროვა].
264 ## - წარმოების, გამოცემის, დისტრიბუციის და სხვა ცნობები
გამოცემის, წარმოების, დისტრიბუციის... ადგილი თბილისი :
გამოცემის, წარმოების, დისტრიბუციის... სახელწოდება კავკასიური სახლი,
გამოცემის, წარმოების, დისტრიბუციის... თარიღი 2006.
300 ## - ფიზიკური აღწერა
Extent 150 გვ. ;
Dimensions 20 სმ.
490 ## - სერიის ცნობა
Series statement კავკასიის ხალხთა ფოლკლორი
500 ## - ზოგადი შენიშვნა
General note ტექსტი ქართულ და რუსულ ენებზე
653 ## - INDEX TERM--UNCONTROLLED
Uncontrolled term ლეზგიური ფოლკლორი
700 ## - ADDED ENTRY--PERSONAL NAME
Personal name ჩლაიძე, ლია
Relator term შემდგენელი
9 (RLIN) 21391
700 ## - ADDED ENTRY--PERSONAL NAME
Personal name გელაშვილი, ნაირა
Relator term რედაქტორი
9 (RLIN) 817
700 ## - ADDED ENTRY--PERSONAL NAME
Personal name ბეროშვილი, მიხო
Relator term მთარგმნელი
9 (RLIN) 21392
942 ## - ADDED ENTRY ELEMENTS (KOHA)
Koha item type წიგნი
Source of classification or shelving scheme
ეგზემპლარები
ჩამოწერის სტატუსი დაკარგული ეგზემპლარის სტატუსი კლასიფიკაციის წყარო ან თაროზე გაწყობის სქემა დაზიანების სტატუსი არ გაიცემა მუდმივი მდებარეობა (დაცვის ადგილი) ამჟამინდელი ადგილსამყოფელი თაროზე განთავსების ადგილი შეძენის თარიღი ღირებულება, შესყიდვის ნორმალური ფასი სრული შენახვის შიფრი შტრიხკოდი ბოლო ოპერაციის თარიღი ეგზემპლარის მიმდევრობითი ნომერი (კეტერი?) ფასის ძალაში შესვლის თარიღი ეგზემპლარის სახეობა საჯარო შენიშვნა
          ბათუმის შოთა რუსთაველის სახელმწიფო უნივერსიტეტის მთავარი ბიბლიოთეკა ბათუმის შოთა რუსთაველის სახელმწიფო უნივერსიტეტის მთავარი ბიბლიოთეკა წიგნსაცავი 2018-12-17 7.00 821.351.32.91 ლ-38 26305 2018-12-17 26305 2018-12-17 წიგნი 7.00 ₾.
          ბათუმის შოთა რუსთაველის სახელმწიფო უნივერსიტეტის მთავარი ბიბლიოთეკა ბათუმის შოთა რუსთაველის სახელმწიფო უნივერსიტეტის მთავარი ბიბლიოთეკა წიგნსაცავი 2018-12-17 7.00 821.351.32.91 ლ-38 26304 2018-12-17 26304 2018-12-17 წიგნი 7.00 ₾.